Statistics for Washington Wizards 2010's Starters

Click here to take the quiz!

General Stats

  • This quiz has been taken 397 times
    (346 since last reset)
  • The average score is 7 of 26

Answer Stats

PlayerStarts% Correct
John Wall8
100%
Bradley Beal6
99%
Marcin Gortat5
82%
Otto Porter3
67%
Markieff Morris2
41%
Thomas Bryant1
41%
Paul Pierce1
31%
Antawn Jamison1
29%
Trevor Ariza2
27%
Nenê Hilário2
26%
JaVale McGee2
24%
Caron Butler1
21%
Tomáš Satoranský1
20%
Nick Young2
19%
Jeff Green1
15%
Andray Blatche1
10%
Brendan Haywood1
10%
Mile Miller1
10%
Emeka Okafor1
7%
Rashard Lewis1
7%
Trevor Booker2
7%
Garrett Temple1
5%
Martell Webster1
5%
Randy Foye1
3%
Chris Singleton1
2%
Jared Dudley1
2%

Score Distribution

Percentile by Number Answered

Percent of People with Each Score

Your Score History

You have not taken this quiz since the last reset